P czy F DLA GEOMEXA - Statystyki

Ogólne statystyki
  • Ten quiz został rozwiązany 163 razy
  • Średni wynik to 4 z 6
Statystyki odpowiedzi
Zagadnienie Odpowiedź % Poprawnych
w którym pytaniu było odpowiedź (nie musi być prawidłowa) OK 6 OK
100%
jak nazywa się waluta unii europejskiej Euro
100%
Ile GeoMex będzie miał subów do końca roku Jak najwięcej
100%
kiedy powstał Rzym 753r. p.n.e.
60%
Ile lat ma Elon Musk Cruz Ramirez 5 i 1 czyli 51
40%
Dlaczego Zygzak Mcqueen ma numer 95 bo w 1995r. powstało toy story
0%
Nie znaleziono quizów pasujących do podanych kryteriów
Rozkład punktacji
Procent ludzi z każdym wynikiem
Percentyl według liczby udzielonych odpowiedzi
Twoja historia wyników
Nie rozwiązałeś tego quizu